|
|
|
|
| LEADER |
00000nab a2200000 a 4500 |
| 001 |
vtls001024521 |
| 003 |
SK-MaSNL |
| 005 |
20260304174030.0 |
| 008 |
040720e19970801xo 0 slo |
| 035 |
|
|
|a SL3085
|
| 040 |
|
|
|a SLLK
|b slo
|c SLLK
|e AACR2
|
| 041 |
0 |
|
|a slo
|
| 044 |
|
|
|a xo
|c SK
|
| 080 |
|
|
|a 663.8
|2 1981
|
| 100 |
1 |
|
|a Šimočko, Štefan
|4 aut
|9 849651
|
| 245 |
1 |
0 |
|a Kvalitné limonády s rodinnou značkou
|b spol. s r.o. LimoŠpes nadväzuje na tradíciu
|
| 300 |
|
|
|b 1 foto
|
| 610 |
2 |
7 |
|a LimoŠpes (Stará Ľubovňa, Slovensko)
|2 SLLK
|9 1022797
|
| 650 |
0 |
7 |
|a nealkoholické nápoje
|2 SLLK
|9 70192
|
| 650 |
0 |
7 |
|a výroba
|2 SLLK
|9 15916
|
| 650 |
0 |
7 |
|a články informatívne
|2 SLLK
|9 1022426
|
| 650 |
0 |
7 |
|a súťaže
|2 SLLK
|9 3301
|
| 655 |
|
7 |
|a periodikum
|2 snkbucl
|9 29553
|
| 710 |
2 |
|
|a LimoŠpes (Stará Ľubovňa, Slovensko)
|4 aut
|9 1022797
|
| 773 |
0 |
8 |
|t My víkend
|g Roč. 3, č.31, 1.8.1997, s. 8
|
| 773 |
0 |
8 |
|i Príl.:
|t Lúč - Východoslovenské noviny
|
| 852 |
|
|
|a ZVYKNI
|b KIS3GCP
|
| 999 |
|
|
|c 3006763
|d 3008693
|